000 00549nam a22001937a 4500
005 20260702103136.0
010 _aENG-148959
020 _a9789392210716
_c595.00
035 _aEN-132491
037 _bDBAD
082 _a954.92
_21
100 _aSalik, Siddiq
_989487
245 _aWitness to Surrender/
_cSiddiq Salik
250 _a1
260 _aChandigarh
_bThe Browser
_c2024
270 _bChandigarh
_aSCO 14-15, Sector 8-C
_e160009
_mservice@thebrowser.org
300 _a307p.
_c22cm(pb)
942 _2ddc
_cEN
_h954.92
_mSAL
999 _c216823
_d216823